Gıda, tarım ve hayvancılık rekabet gücü temel bulgular (Record no. 5254)

MARC details
000 -BAŞLIK
Sabit Uzunlukta Kontrol Alanı 01037na a2200301 4500
001 - KONTROL NUMARASI
Denetim Alanı 17429
003 - KONTROL NUMARASI IDENTIFIER
Denetim Alanı MIRAKIL
005 - SON İŞLEM TARİHİ VE ZAMANI
Denetim Alanı 20181213155031.0
008 - SABİT-BOY VERİ ELEMANLARI - GENEL BİLGİLER
Sabit Uzunlukta Kontrol Alanı 161024b tu 000 0
020 ## - ULUSLARARASI STANDART KİTAP NUMARASI
Uluslararası Standart Kitap Numarası 9786051650104
035 ## - SİSTEM KONTROL NUMARASI
Sistem Kontrol Numarası 17429
040 ## - KATALOGLAMA KAYNAK
Orijinal Kataloglama Ajansı Milas
Kataloglama Dili tur
Metne Dönüştürmek Ajansı TR-AnCHP
041 ## - DİL KODU
Metin / Ses Parça Veya Ayrı Başlığın Dil Kodu tur
082 ## - DEWEY ONLU SINIFLANDIRMA NUMARASI
Sınıflandırma Numarası 338.47664
Ürün Numarası G42 2014
090 ## - SINIFLAMA NUMARASI
Sınıflama Numarası 338.47664 G42 2014
245 ## - BAŞLIK TABLOSU
Başlık Gıda, tarım ve hayvancılık rekabet gücü temel bulgular
Başlığın Kalan ... ekonomiye umut sofradan, can topraktan gelir...
Sorumluluk Tablosu, Vb Editörler Nurşen Numanoğlu, Mehmet Evren Eynehan, Tanyeli Behiç Sabuncu
260 ## - YAYIN, DAĞITIM, VB
Yayın, Dağıtım, Vb Yeri İstanbul
Yayıncı, Dağıtıcı, Vs Adı TÜSİAD
Yayın, Dağıtım, Vb Tarihi 2014
300 ## - FİZİKSEL TANIM
Kapsam 108 s.
Diğer Fiziksel Ayrıntıları grf. ; tbl.
Boyutlar 28 sm.
490 ## - SERİSİ TABLOSU
Seri Beyanı Türk Sanayicileri ve İşadamları Derneği
Hacim / Ardışık Tanımı yayın no: TÜSİAD-T/2014-11/561
504 ## - KAYNAKÇA VB NOT
Kaynakça Vb Notu Kaynakça (100-108) var.
650 ## - KONU KATMA GİRİŞ - TOPİKAL DÖNEM
Topikal Süreli Veya Coğrafi Ad Giriş Elemanı Hayvancılık
Coğrafi Alt Bölümü Türkiye
650 ## - KONU KATMA GİRİŞ - TOPİKAL DÖNEM
Topikal Süreli Veya Coğrafi Ad Giriş Elemanı Tarım
Coğrafi Alt Bölümü Türkiye
650 ## - KONU KATMA GİRİŞ - TOPİKAL DÖNEM
Topikal Süreli Veya Coğrafi Ad Giriş Elemanı Gıda Sektörü
Coğrafi Alt Bölümü Türkiye
700 ## - KATMA GİRİŞ - KİŞİSEL İSİM
Kişisel Ad Sabuncu, Tanyeli Behiç
700 ## - KATMA GİRİŞ - KİŞİSEL İSİM
Kişisel Ad Eynehan, Mehmet Evren
700 ## - KATMA GİRİŞ - KİŞİSEL İSİM
Kişisel Ad Numanoğlu, Nurşen
942 ## - EKLENDİ GİRİŞ ELEMANLARI (KOHA)
Sınıflandırma Veya Raf Düzeni Kaynak Dewey Decimal Classification
Koha Öğesi Türü Books
999 ## - SİSTEM KONTROL NUMARALARI (KOHA)
Koha Biblionumber 5254
Koha Biblioitemnumber 5254
Holdings
Kalıcı Konum Mevcut Konum Edinme Tarihi Edinim Kaynak Toplam Check-Out'Lar Tam Çağrı Numarası Barkod Tarih Son Görülme İtibaren Geçerli Fiyatlar Koha Öğesi Türü Kopya Sayısı
CHP Kütüphanesi CHP Kütüphanesi 10/24/2016 Bağış   338.47664 G42 2014 007668 10/24/2016 10/24/2016 Books  
CHP Kütüphanesi CHP Kütüphanesi 10/24/2016 Bağış   338.47664 G42 2014 007669 10/24/2016 10/24/2016 Books k.2
CHP Kütüphanesi CHP Kütüphanesi 10/24/2016 Bağış   338.47664 G42 2014 007670 10/24/2016 10/24/2016 Books k.3